Experimentos sencillos sobre el cielo y la tierra (Record no. 1158)

MARC details
000 -LEADER
campo de control de longitud fija 01119cac a2200325 a 4500
003 - IDENTIFICADOR DE NÚMERO DE CONTROL
campo de control CO-PeBPM
005 - FECHA Y HORA DE LA ÚLTIMA TRANSACCIÓN
campo de control 20260311111629.0
007 - CAMPO FIJO DE DESCRIPCIÓN FÍSICA--INFORMACIÓN GENERAL
campo de control de longitud fija ta
008 - DATOS DE LONGITUD FIJA--INFORMACIÓN GENERAL
campo de control de longitud fija 141031s2013 ck a 000 0 spa d
020 ## - NÚMERO INTERNACIONAL ESTÁNDAR DEL LIBRO
Número Internacional Estándar del Libro 8497540085
040 ## - FUENTE DE CATALOGACIÓN
Centro catalogador/agencia de origen CO-PeBPM
Lengua de catalogación spa
Normas de descripción rda
Centro/agencia transcriptor CO-PeBPM
041 ## - CÓDIGO DE IDIOMA
Código de lengua del texto/banda sonora o título independiente spa
082 04 - NÚMERO DE LA CLASIFICACIÓN DECIMAL DEWEY
Número de clasificación 372.357 V398ex
Número de edición 22
100 10 - ENTRADA PRINCIPAL--NOMBRE DE PERSONA
Nombre de persona Vecchione, Glen
9 (RLIN) 12779
Término indicativo de función/relación autor
245 10 - MENCIÓN DEL TÍTULO
Título Experimentos sencillos sobre el cielo y la tierra
Mención de responsabilidad, etc. / Glen Vecchione; ilustrado por Horacio Elena ; traducción Joan Carles Guix
250 ## - MENCION DE EDICION
Mención de edición 2a. reimpr.
264 ## - PRODUCCIÓN, PUBLICACIÓN, DISTRIBUCIÓN, FABRICACIÓN Y COPYRIGHT
Producción, publicación, distribución, fabricación y copyright Barcelona, España
Nombre del de productor, editor, distribuidor, fabricante : Omiro
Fecha de producción, publicación, distribución, fabricación o copyright , 2013
300 ## - DESCRIPCIÓN FÍSICA
Extensión 128 páginas
Otras características físicas ilustraciones
Dimensiones 23 cm.
336 ## - TIPO DE CONTENIDO
Término de tipo de contenido texto
Código de tipo de contenido txt
Fuente rdacontent
337 ## - TIPO DE MEDIO
Nombre/término del tipo de medio sin mediación
Código del tipo de medio n
Fuente rdamedia
338 ## - TIPO DE SOPORTE
Nombre/término del tipo de soporte volumen
Código del tipo de soporte nc
Fuente rdacarrier
490 ## - MENCIÓN DE SERIE
Mención de serie El juego de la ciencia
500 ## - NOTA GENERAL
Nota general Incluye índice
521 ## - NOTA DE PÚBLICO DESTINATARIO
Nota de público destinatario A partir de 10 años
650 17 - PUNTO DE ACCESO ADICIONAL DE MATERIA--TÉRMINO DE MATERIA
Término de materia o nombre geográfico como elemento de entrada Ciencias de la tierra
Fuente del encabezamiento o término LEMB
Subdivisión general Enseñanza elemental
9 (RLIN) 16299
650 17 - PUNTO DE ACCESO ADICIONAL DE MATERIA--TÉRMINO DE MATERIA
Término de materia o nombre geográfico como elemento de entrada Tierra
Fuente del encabezamiento o término LEMB
Subdivisión general Enseñanza elemental
9 (RLIN) 16300
650 17 - PUNTO DE ACCESO ADICIONAL DE MATERIA--TÉRMINO DE MATERIA
Término de materia o nombre geográfico como elemento de entrada Sistema solar
Fuente del encabezamiento o término LEMB
9 (RLIN) 3251
700 10 - ENTRADA AGREGADA--NOMBRE PERSONAL
Nombre de persona Elena, Horacio, 1940-
9 (RLIN) 16251
Término indicativo de función/relación ilustraciones
942 ## - ELEMENTOS DE ENTRADA SECUNDARIOS (KOHA)
Fuente del sistema de clasificación o colocación Clasificación Decimal Dewey
Tipo de ítem Koha Libros
Holdings
Estatus retirado Estado de pérdida Fuente del sistema de clasificación o colocación Estado de daño No para préstamo Biblioteca de origen Biblioteca actual Fecha de adquisición Total de préstamos Signatura topográfica completa Código de barras Visto por última vez Copia número Precio de reemplazo Tipo de ítem Koha Colección Ubicación en estantería Fuente de adquisición
    Clasificación Decimal Dewey     BIBLIOTECA PÚBLICA MUNICIPAL RAMON CORREA MEJIA BIBLIOTECA PÚBLICA MUNICIPAL RAMON CORREA MEJIA 31/08/2023   372.357 V398ex 33889 31/08/2023 Ej.1 31/08/2023 Libros      
    Clasificación Decimal Dewey     BIBLIOTECA SAN JOAQUIN BIBLIOTECA SAN JOAQUIN 11/03/2019   372.357 V398ex 63494 11/03/2026 Ej. 1 11/03/2026 Libros General Colección general Donación Biblioteca Nacional

Powered by Koha